000
00316 a2200109 4500
001
ART_52812
005
20260410161633.0
008
260409a
245
1
0
_a
Las nuevas formas de trabajo: su gestión y costos
100
1
_a
Smolje, Alejandro R.
773
0
_t
Enfoques
_g
- N°5 (mayo 2021)
_w
REV416
999
_c
12660
_d
12660